000 03713cam a2200325 4500500
005 20251228072515.0
041 _afre
042 _adc
100 1 0 _aCornalba, Vincent
_eauthor
245 0 0 _aLa fonction de l'écrit dans la clinique de la mésinscription
260 _c2019.
500 _a55
520 _aL'auteur envisage la fonction de l'écrit, dans le cadre de la situation clinique, comme travail de re-saisie de l'objet à distance de sa rencontre. En s'appuyant sur le document appelé « dossier-guide » et l'utilisation qui peut en être faite en placement familial, il s'agit d'introduire les enjeux transférentiels dans l'après-coup de la rencontre. La convocation des romans épistolaires du xviii e siècle contribue à enrichir la vision d'un relation où la question de la déception amoureuse recouvre l'indispensable dé-ception que tout sujet se doit de réaliser dans sa relation à l'objet. L'alternance de moments de saisie, de dé-saisissement puis de re-saisie participe à la dynamique d'élaboration psychique à laquelle tout clinicien est confronté au plus fort de ses interventions. Le cadre des visites médiatisées en placement familial en est la référence.
520 _aThe author envisages the function of writing in the clinical situation as a task of taking hold of the object at a distance from its encounter. Drawing on the document called “dossier-guide” and the utilisation that can be made of it in family placement, it is a matter of introducing transference issues subsequent to the encounter. Reference to the epistolary novels of the 18th century contributes to enriching the vision of a relationship in which the question of deception in love coincides with the indispensable de-ception ( dé-ception) that every subject must come to terms with in his relationship with the object. The alternation of moments of taking hold, letting go, and then of taking hold again, participates in the dynamic of psychic elaboration with which every clinician is faced at key moments in his interventions. The context of mediated visits in family placement is the reference point for this.
520 _aEl autor considera la función de lo escrito, en el cuadro de la situación clínica, como el trabajo de la re-incautación del objeto a distancia de su encuentro. Apoyándose en el documento llamado “dossier guía” y la utilización que puede realizarse en acogimiento familiar, se trata de introducir los desafíos transferenciales posteriormente al encuentro. La convocación de novelas epistolares del siglo XVIII contribuye a enriquecer la visión de una relación donde la cuestión de la decepción amorosa cubre la indispensable de-cepción que todo sujeto debe realizar en su relación al objeto. La alternancia de momentos de incautación, de de-incautación y de re-incautación participa a la dinámica de la elaboración psíquica a la cual todo clínico se ve confrontado en el momento culminante de sus intervenciones. El cuadro de visitas mediatizado en acogimiento familiar es la referencia.
690 _aDé-ception
690 _adossier-guide
690 _amésinscription
690 _aplacement familial
690 _aressaisie de l’objet
690 _atransfert
690 _aDe-ception
690 _adossier- guide
690 _afailure of socialization
690 _afamily placement
690 _ataking hold of the object
690 _atransference
786 0 _nRevue de psychothérapie psychanalytique de groupe | 72 | 1 | 2019-05-23 | p. 33-44 | 0297-1194
856 4 1 _uhttps://shs.cairn.info/revue-de-psychotherapie-psychanalytique-de-groupe-2019-1-page-33?lang=fr&redirect-ssocas=7080
999 _c1594122
_d1594122